| 000 | 00707nam a2200193Ia 4500 | ||
|---|---|---|---|
| 003 | IN-BaIIA | ||
| 005 | 20230707112154.0 | ||
| 008 | 211028s9999 xx 000 0 eng d | ||
| 040 | _cIIA Library | ||
| 080 |
_a061.6(058.7) _bINS-2 |
||
| 100 |
_aElhence, D. _918008 |
||
| 245 | 0 |
_aDirectory of scientific research institutuions is India 1990 _bvol. 2 _cD. Elhence and B. K. Sen; compiled by Anand R. L. |
|
| 260 |
_aNew Delhi _bIndian National Scientific Doucmentation Centre _c1989 |
||
| 300 | _a467-1036p. | ||
| 650 | _aAstronomy and Astrophysics Thesaurus | ||
| 700 |
_aAnand, R L., comp. _918009 |
||
| 700 |
_aSen, B. K. _918010 |
||
| 942 |
_cBK _2ddc |
||
| 999 |
_c10567 _d10567 |
||